The Epic of Gilgamesh Quiz - Statistics

General Stats
  • This quiz has been taken 28 times
  • The average score is 6 of 8
Answer Stats
Hint Answer % Correct
Natural disaster which Utnapishtim and his family survived Flood
96%
Modern-day country the above is located in Iraq
96%
Geographic region the epic originates from Mesopotamia
91%
River mentioned multiple times in the epic Euphrates
83%
Ancient civilisation in which the epic was written Sumer
70%
Gilgamesh's city Uruk
70%
Where Gilgamesh and Enkidu go to slay Humbaba Cedar Forest
52%
Type of animal which steals Gilgamesh's plant of eternal youth Snake
30%
No matching quizzes found
Score Distribution
Percent of People with Each Score
Percentile by Number Answered
Your Score History
You have not taken this quiz